000 00563cam a22001933a 4500
001 45194
003 PGUSA
005 20140828084032.0
008 140323s2014||||xxu|||||s|||||000 | eng d
040 _aPGUSA
_beng
042 _adc
245 1 0 _aHarper's Young People, March 29, 1881 :
_bAn Illustrated Weekly
_h[electronic resource] /
_cVarious
260 _bProject Gutenberg,
_c2014
506 _aPublic domain in the USA.
516 _aElectronic text
830 0 _aProject Gutenberg
_v45194
856 4 0 _uhttp://www.gutenberg.org/ebooks/45194
942 _cEB
999 _c274445
_d274445